Kansas Symbols & Facts - Statistics

General Stats
  • This quiz has been taken 13 times
  • The average score is 12 of 25
Answer Stats
Answer % Correct
Topeka
100%
Sunflower
92%
{Sunflower} State
92%
{Dodge} City
83%
Ornate Box {Turtle}
75%
Pizza Hut
75%
Western {Meadowlark}
75%
Barred Tiger {Salamander}
67%
Dwight D. Eisenhower
67%
American {Bison}
58%
Cottonwood
58%
Graham {cracker}
58%
Home on the Range
58%
Twine
58%
Amelia Earhart
50%
Honeybee
42%
Ad Astra Per Aspera
25%
Clara Barton
17%
Almon Strowger
0%
Gone with the Wind
0%
License plate
0%
Russell Springs
0%
{Smith} County
0%
Susanna Madora Salter
0%
William Purvis | Charles Wilson
0%
No matching quizzes found
Score Distribution
Percent of People with Each Score
Percentile by Number Answered
Your Score History
You have not taken this quiz